[Event "Llinars del Valles op-B 8th"]
[Site "Llinars del Valles"]
[Date "2014.04.26"]
[Round "1"]
[White "Martinez Perez, Sergio"]
[Black "Colom Planeses, Joan"]
[Result "1-0"]
[WhiteElo "1882"]
[BlackElo "1723"]
[PlyCount "49"]
[EventDate "2014.04.26"]
[EventType "swiss"]
[EventRounds "8"]
[EventCountry "ESP"]
[SourceTitle "EXT 2015"]
[Source "ChessBase"]
[SourceDate "2014.11.20"]
[SourceVersion "1"]
[SourceVersionDate "2014.11.20"]
[SourceQuality "1"]

1. e4 d5 2. exd5 Qxd5 3. Nc3 Qa5 4. d4 c6 5. Bc4 Nf6 6. Bd2 Bf5 7. Nf3 e6 8. 0-0 Nbd7 9. Re1 Bd6 10. a3 Qc7 11. Bb3 0-0-0 12. Ne2 Ng4 13. Ng3 h5 14. c4 h4 15. Nf1 Bd3 16. Ba5 Qxa5 17. Qxd3 h3 18. g3 f5 19. Rxe6 Kc7 20. c5 Bf8 21. Qxf5 Ngf6 22. Re2 Qb5 23. Qc2 Ng4 24. Bc4 Qa5 25. b4 1-0